25 największych miast Białorusi - Statystyki

Ogólne statystyki
  • Ten quiz został rozwiązany 51 razy
  • Średni wynik to 12 z 25
Odpowiedzi na mapie
Odpowiedzi zakodowano w zielono-czerwonej skali na mapie do tego quizu, zgodnie z poniższymi procentami.
 
Statystyki odpowiedzi
Ludność / Nasielnictwa Miasto / Horad % Poprawnych
1.949.059 Mińsk / Minsk
100%
337.428 Brześć / Brest
97%
361.358 Grodno / Hrodna
94%
526.873 Homel / Homel
94%
170.685 Baranowicze / Baranavičy
91%
374.644 Mohylew / Mahiloŭ
85%
373.764 Witebsk / Viciebsk
82%
135.619 Pińsk / Pinsk
73%
111.324 Mozyr / Mazyr
61%
145.659 Borysów / Barysaŭ
55%
116.611 Orsza / Orša
55%
217.127 Bobrujsk / Babrujsk
52%
99.430 Lida / Lida
52%
84.786 Połock / Połack
48%
108.176 Nowopołock / Navapołack
33%
104.745 Soligorsk / Salihorsk
33%
52.001 Kobryń / Kobryn
30%
93.802 Mołodeczno / Maładziečna
21%
61.847 Słuck / Słuck
21%
69.028 Swietłogorsk / Svietlahorsk
12%
43.839 Wołkowysk / Vaŭkavysk
12%
75.377 Żłobin / Žlobin
12%
48.977 Słonim / Słonim
6%
62.696 Żodino / Žodzina
6%
65.289 Reczyca / Rečyca
3%
Nie znaleziono quizów pasujących do podanych kryteriów
Rozkład punktacji
Procent ludzi z każdym wynikiem
Percentyl według liczby udzielonych odpowiedzi
Twoja historia wyników
Nie rozwiązałeś tego quizu